Central Library and Information Centre
Sibsagar Girls' College, Sivasagar : Assam

BASIC MATHEMATICS AND ITS APPLICATION IN ECONOMICS (Record no. 20013)

MARC details
000 -LEADER
fixed length control field 00437cam a2200181ua 4500
008 - FIXED-LENGTH DATA ELEMENTS--GENERAL INFORMATION
fixed length control field 140207n II |||gr||||Z||||||eng
040 ## - CATALOGING SOURCE
Original cataloging agency MAIN
041 ## - LANGUAGE CODE
-- English
082 ## - DEWEY DECIMAL CLASSIFICATION NUMBER
Classification number 330 BAR
100 ## - MAIN ENTRY--PERSONAL NAME
Personal name BARUAH, SRINATH.
245 ## - TITLE STATEMENT
Title BASIC MATHEMATICS AND ITS APPLICATION IN ECONOMICS
250 ## - EDITION STATEMENT
Edition statement REP.
260 ## - PUBLICATION, DISTRIBUTION, ETC.
Place of publication, distribution, etc. NEW DELHI:
Name of publisher, distributor, etc. TRINITY PRESS,
Date of publication, distribution, etc. 2014.
300 ## - PHYSICAL DESCRIPTION
Extent 488:
Dimensions 22CM.
942 ## - ADDED ENTRY ELEMENTS (KOHA)
Koha item type Books
653 ## - INDEX TERM--UNCONTROLLED
Uncontrolled term Economics
Holdings
Withdrawn status Lost status Damaged status Not for loan Collection code Home library Current library Shelving location Date acquired Total Checkouts Full call number Barcode Date last seen Date last checked out Copy number Price effective from Koha item type Public note
        TBECO Central Library and Information Centre Sibsagar Girls College Central Library and Information Centre Sibsagar Girls College MATHEMATICS BOOK RACK 20.01.2014 2 330 BAR 30492 10.05.2022 25.04.2022 1 27.02.2020 Books V


Sibsagar Girl's College © 2020. All rights reserved.
Powered by Koha.
Maintained by Abhijit Borpuzari.